[Housing Bill].

Executive Session.

Bibliographic Details
Format: eBook
Language:English
Published: [Washington : U.S. G.P.O.], 1969.
Subjects:
Online Access:Electronic resource (PDF)

MARC

Tag First Indicator Second Indicator Subfields
LEADER 00000cam a22000001i 4500
001 in00004122321
005 20200117084648.0
006 m d f
007 cr bn mmmapmmp
008 091109s1969 dcu o f000 0 eng d
035 |a cis2007526731 
040 |a UMI  |b eng  |e rda  |c UMI  |d UtOrBLW 
110 1 |a United States.  |b Congress.  |b Senate.  |b Committee on Banking and Currency,  |e issuing body.  |0 http://id.loc.gov/authorities/names/n82096360 
245 1 0 |a [Housing Bill]. 
264 1 |a [Washington :  |b U.S. G.P.O.],  |c 1969. 
300 |a 29 pages, digital, PDF file. 
336 |a text  |2 rdacontent  |b txt 
337 |a computer  |b c  |2 rdamedia 
338 |a online resource  |2 rdacarrier  |b cr 
500 |a Record is based on bibliographic data in ProQuest Congressional Hearings Digital Collection (last viewed July 2018) Reuse except for individual research requires license from ProQuest, LLC. 
520 |a Executive Session. 
538 |a System requirements: PDF reader software. 
500 |a Electronic resource. 
650 0 |a Federal aid to housing.  |0 http://id.loc.gov/authorities/subjects/sh98002800 
650 0 |a Low-income housing.  |0 http://id.loc.gov/authorities/subjects/sh85104841 
650 0 |a Urban transportation.  |0 http://id.loc.gov/authorities/subjects/sh85141331 
776 0 8 |a United States. Congress. Senate. Committee on Banking and Currency.  |t [Housing Bill]  |o 91 SB-T.12 
730 0 |a ProQuest U.S. Congressional Hearings Digital Collection. 
856 4 0 |u http://proxy.library.tamu.edu/login?url=http://congressional.proquest.com/congcomp/getdoc?HEARING-ID=HRG-1969-BCS-0045  |y Electronic resource (PDF)  |t 0 
999 f f |s bf7df55d-aa4f-37d0-93e2-eba566ea8ed2  |i 33dbaf66-21a3-3e04-ae7f-7ba7d3943be6  |t 0 
952 f f |a Texas A&M University  |b College Station  |c Electronic Resources  |d Available Online  |t 0  |h No information provided 
998 f f |t 0  |l Available Online